00637 2200241 4500001002100000005001700021008004100038035002500079040001200104041000800116082001100124090001700135100001000152245003700162250001100199260003400210300003100244500005600275650002000331850001200351990001600363990001600379YOGYA-0213000000079120150325094231.0 ind  a0010-021300000000791 aYOPDYOG aInd aBR 813 aBR 813 Ham D aHAMKA aDi bawah lindungan kakbahcHAMKA aCet.25 aSurabayabBulan Bintangc2001 a[ 140 ] hlmb30 cm (2 eks) aDibraillekan oleh Yayasan Mitra Netra Jakarta, 2006 aFiksi Indonesia aYOPDYOG a949-BR/B.12 a950-BR/B.12